Ekonomičeskije stimuly ispol'zovanija oborotnych sredstv v promyšlennosti

Na minha lista:
Detalhes bibliográficos
Autor principal: Lučenok, Aleksandr Ivanovič
Formato: Livro
Idioma:russo
Publicado em: Minsk Nauka i technika 1984
Tags: Adicionar Tag
Sem tags, seja o primeiro a adicionar uma tag!

MARC

LEADER 00000nam a2200000 4500
001 c106603
005 20041019155137.8
041 0 |a rus 
044 |a BY 
245 1 0 |a Ekonomičeskije stimuly ispol'zovanija oborotnych sredstv v promyšlennosti  |c Aleksandr Ivanovič Lučenok 
264 1 |a Minsk  |b Nauka i technika  |c 1984 
300 |a 118 s. 
100 1 |a Lučenok, Aleksandr Ivanovič